00398nam a2200133Ia 4500008004100000020001500041041000800056082001500064100001700079245011800096250000600214260003000220300001400250210716s2004 xx 000 0 und d a1591840554 aeng a650.1 ELIJ aEliot, John. aOverachievement: new science of working less to accomplish more.bNew science of working less to accomplish more. a1 aNew YorkbPortfolioc2004 axxvii,259